Управление персоналом: учебник

Bibliografische gegevens
Hoofdauteur: Тебекин А. В. Алексей Васильевич
Samenvatting:Учебник написан в полном соответствии с Государственным образовательным стандартом по специальности «Менеджмент организации». Он содержит достаточно емкий и многогранный материал по проблемам управления организацией и рассчитан на широкий круг читателей — от студентов и аспирантов до специалистов-практиков и профессионалов. Учебник содержит лекционные материалы по управлению персоналом, включая такие вопросы, как: персонал предприятия как объект управления; место и роль управления персоналом в системе управления предприятием; принципы управления персоналом; функциональное разделение труда и организационная структура службы управления персоналом; кадровое, информационное, техническое и правовое обеспечение системы управления персоналом; анализ кадрового потенциала; перемещения, работа с кадровым резервом, планирование деловой карьеры; подбор персонала и профориентация подготовка, переподготовка и повышение квалификации персонала; мотивация поведения в процессе трудовой деятельности; профессиональная и организационная адаптация персонала; конфликты в коллективе; оценка эффективности управления персоналом. Для студентов, аспирантов, и преподавателей экономических вузов, а также экономистов и менеджеров организаций.
Taal:Russisch
Gepubliceerd in: Москва, КноРус, 2009
Onderwerpen:
Formaat: MixedMaterials Boek
KOHA link:https://koha.lib.tpu.ru/cgi-bin/koha/opac-detail.pl?biblionumber=159008

MARC

LEADER 00000nam0a2200000 4500
001 159008
005 20231101222058.0
010 |a 9785390000335  |b (в пер.)  |b 3000 экз. 
021 |a RU  |b 09-13082  |9 09-775 
035 |a (RuTPU)RU\TPU\book\172454 
090 |a 159008 
100 |a 20090330d2009 m y0rusy5002 ca 
101 0 |a rus 
102 |a RU 
105 |a a j 000zy 
200 1 |a Управление персоналом  |e учебник  |f А. В. Тебекин 
210 |a Москва  |c КноРус  |d 2009 
215 |a 624 с.  |c ил. 
330 |a Учебник написан в полном соответствии с Государственным образовательным стандартом по специальности «Менеджмент организации». Он содержит достаточно емкий и многогранный материал по проблемам управления организацией и рассчитан на широкий круг читателей — от студентов и аспирантов до специалистов-практиков и профессионалов. Учебник содержит лекционные материалы по управлению персоналом, включая такие вопросы, как: персонал предприятия как объект управления; место и роль управления персоналом в системе управления предприятием; принципы управления персоналом; функциональное разделение труда и организационная структура службы управления персоналом; кадровое, информационное, техническое и правовое обеспечение системы управления персоналом; анализ кадрового потенциала; перемещения, работа с кадровым резервом, планирование деловой карьеры; подбор персонала и профориентация подготовка, переподготовка и повышение квалификации персонала; мотивация поведения в процессе трудовой деятельности; профессиональная и организационная адаптация персонала; конфликты в коллективе; оценка эффективности управления персоналом. Для студентов, аспирантов, и преподавателей экономических вузов, а также экономистов и менеджеров организаций. 
606 0 |a Кадры  |x Управление  |x Учебники и пособия  |2 RuMRKP 
606 1 |a Персонал  |x Управление  |2 stltpush  |3 (RuTPU)RU\TPU\subj\36605  |9 57925 
610 1 |a менеджмент 
610 1 |a труд 
610 1 |a правовое обеспечение 
610 1 |a информационное обеспечение 
610 1 |a корпоративная культура 
610 1 |a организации 
610 1 |a кадровый потенциал 
610 1 |a карьера 
610 1 |a планирование 
610 1 |a кадровые резервы 
610 1 |a профориентация 
610 1 |a переподготовка 
610 1 |a обучение 
610 1 |a мотивация 
610 1 |a трудовая деятельность 
610 1 |a профессиональная адаптация 
610 1 |a конфликты 
610 1 |a эффективность 
610 1 |a оценка 
610 1 |a аудит 
610 1 |a учебники 
686 |a У9(2)240я73  |v LBC/SL-A  |2 rubbk 
700 1 |a Тебекин  |b А. В.  |g Алексей Васильевич  |4 070 
801 1 |a RU  |b 63413507  |c 20090430  |g PSBO 
801 2 |a RU  |b 63413507  |c 20221128  |g PSBO 
900 |a Управление персоналом 
942 |c BK 
951 |b 080500 
959 |a 57/20090429  |d 1  |e 220,00  |f ЧЗГЛ:1